[Event "25th 4NCL Congress"]
[Site "Leamington Spa, United Kingdom"]
[Date "2021.07.10"]
[Round "2.7"]
[White "Wall, Tim P"]
[Black "Stubbs, Oliver"]
[Result "1-0"]
[TimeControl "All moves in 90 minutes + 30 seconds per move"]
[WhiteElo "2245"]
[BlackElo "1905"]

1. e4 {[%clk 01:30:55]} {[%emt 00:00:04]} e6 {[%clk 01:30:55]} {[%emt
00:00:06]} 2. d4 {[%clk 01:31:18]} {[%emt 00:00:06]} d5 {[%clk 01:31:19]}
{[%emt 00:00:06]} 3. exd5 {[%clk 01:31:14]} {[%emt 00:00:34]} exd5 {[%clk
01:31:42]} {[%emt 00:00:07]} 4. Nf3 {[%clk 01:31:37]} {[%emt 00:00:07]} Nf6
{[%clk 01:32:07]} {[%emt 00:00:06]} 5. Bd3 {[%clk 01:31:59]} {[%emt 00:00:07]}
Bd6 {[%clk 01:32:33]} {[%emt 00:00:05]} 6. Qe2+ {[%clk 01:32:17]} {[%emt
00:00:11]} Be7 {[%clk 01:32:50]} {[%emt 00:00:14]} 7. O-O {[%clk 01:31:55]}
{[%emt 00:00:51]} O-O {[%clk 01:33:10]} {[%emt 00:00:10]} 8. Bg5 {[%clk
01:31:43]} {[%emt 00:00:41]} Re8 {[%clk 01:20:03]} {[%emt 00:13:38]} 9. Ne5
{[%clk 01:30:09]} {[%emt 00:02:03]} Nbd7 {[%clk 01:16:25]} {[%emt 00:04:09]} 10.
Nd2 {[%clk 01:26:53]} {[%emt 00:03:46]} c5 {[%clk 01:02:58]} {[%emt 00:13:57]}
11. c3 {[%clk 01:22:50]} {[%emt 00:04:33]} cxd4 {[%clk 01:03:03]} {[%emt
00:00:26]} 12. cxd4 {[%clk 01:23:08]} {[%emt 00:00:10]} Qb6 {[%clk 00:58:26]}
{[%emt 00:05:08]} 13. Ndf3 {[%clk 01:22:32]} {[%emt 00:01:05]} Nf8 {[%clk
00:57:28]} {[%emt 00:01:28]} 14. Rac1 {[%clk 01:17:53]} {[%emt 00:05:09]} Be6
{[%clk 00:53:43]} {[%emt 00:04:16]} 15. a3 {[%clk 01:13:43]} {[%emt 00:04:39]}
Rac8 {[%clk 00:52:49]} {[%emt 00:01:25]} 16. h3 {[%clk 01:11:33]} {[%emt
00:02:39]} a6 {[%clk 00:48:10]} {[%emt 00:05:10]} 17. Rfe1 {[%clk 01:09:55]}
{[%emt 00:02:07]} Rxc1 {[%clk 00:47:45]} {[%emt 00:00:55]} 18. Bxc1 {[%clk
01:09:24]} {[%emt 00:01:01]} Bd8 {[%clk 00:34:46]} {[%emt 00:13:30]} 19. Qd1
{[%clk 01:06:12]} {[%emt 00:03:41]} Ng6 {[%clk 00:32:53]} {[%emt 00:02:24]} 20.
Qa4 {[%clk 01:02:13]} {[%emt 00:04:29]} Qa5 {[%clk 00:28:26]} {[%emt 00:04:57]}
21. Qb3 {[%clk 00:56:31]} {[%emt 00:06:12]} Qb6 {[%clk 00:27:49]} {[%emt
00:01:07]} 22. Qc2 {[%clk 00:55:21]} {[%emt 00:01:39]} Qc7 {[%clk 00:22:52]}
{[%emt 00:05:28]} 23. Qb1 {[%clk 00:55:25]} {[%emt 00:00:25]} Qd6 {[%clk
00:23:16]} {[%emt 00:00:07]} 24. Ng5 {[%clk 00:47:57]} {[%emt 00:07:57]} Nf8
{[%clk 00:18:55]} {[%emt 00:04:51]} 25. Bf4 {[%clk 00:44:26]} {[%emt 00:04:00]}
Qb6 {[%clk 00:18:39]} {[%emt 00:00:47]} 26. Be3 {[%clk 00:41:39]} {[%emt
00:03:17]} h6 {[%clk 00:16:46]} {[%emt 00:02:23]} 27. Nxe6 {[%clk 00:38:51]}
{[%emt 00:03:17]} Rxe6 {[%clk 00:15:04]} {[%emt 00:02:13]} 28. Rc1 {[%clk
00:34:14]} {[%emt 00:05:07]} Re8 {[%clk 00:15:09]} {[%emt 00:00:25]} 29. Qc2
{[%clk 00:31:04]} {[%emt 00:03:40]} Qa7 {[%clk 00:13:22]} {[%emt 00:02:16]} 30.
Qa4 {[%clk 00:29:39]} {[%emt 00:01:55]} Be7 {[%clk 00:07:22]} {[%emt 00:06:30]}
31. Bf5 {[%clk 00:19:00]} {[%emt 00:11:08]} Rd8 {[%clk 00:06:32]} {[%emt
00:01:21]} 32. Rc7 {[%clk 00:13:27]} {[%emt 00:06:02]} Bd6 {[%clk 00:06:57]}
{[%emt 00:00:05]} 33. Rxf7 {[%clk 00:13:34]} {[%emt 00:00:22]} Qa8 {[%clk
00:01:46]} {[%emt 00:05:41]} 34. Bxh6 {[%clk 00:08:29]} {[%emt 00:05:35]} Ne8
{[%clk 00:02:12]} {[%emt 00:00:04]} 35. Qxe8 {[%clk 00:07:42]} {[%emt
00:01:17]} gxh6 {[%clk 00:00:37]} {[%emt 00:02:04]} 36. Bh7+ {[%clk 00:07:31]}
{[%emt 00:00:41]} 1-0

[Event "25th 4NCL Congress"]
[Site "Leamington Spa, United Kingdom"]
[Date "2021.07.10"]
[Round "2.8"]
[White "Kesterson, Kennan"]
[Black "Balaji, Aaravamudhan"]
[Result "0-1"]
[TimeControl "All moves in 90 minutes + 30 seconds per move"]
[WhiteElo "1801"]
[BlackElo "2206"]

1. e4 {[%clk 01:30:56]} {[%emt 00:00:03]} e5 {[%clk 01:30:56]} {[%emt
00:00:04]} 2. Nf3 {[%clk 01:31:22]} {[%emt 00:00:04]} Nc6 {[%clk 01:31:20]}
{[%emt 00:00:06]} 3. Bc4 {[%clk 01:31:45]} {[%emt 00:00:07]} Nf6 {[%clk
01:31:46]} {[%emt 00:00:04]} 4. d3 {[%clk 01:32:11]} {[%emt 00:00:05]} Be7
{[%clk 01:32:12]} {[%emt 00:00:04]} 5. O-O {[%clk 01:32:31]} {[%emt 00:00:09]}
O-O {[%clk 01:32:40]} {[%emt 00:00:03]} 6. Re1 {[%clk 01:32:54]} {[%emt
00:00:07]} d6 {[%clk 01:33:06]} {[%emt 00:00:05]} 7. a4 {[%clk 01:33:18]}
{[%emt 00:00:05]} Be6 {[%clk 01:33:26]} {[%emt 00:00:09]} 8. Nbd2 {[%clk
01:33:10]} {[%emt 00:00:38]} Na5 {[%clk 01:23:33]} {[%emt 00:10:23]} 9. c3
{[%clk 01:22:15]} {[%emt 00:11:26]} Nxc4 {[%clk 01:19:24]} {[%emt 00:04:38]} 10.
Nxc4 {[%clk 01:21:07]} {[%emt 00:01:38]} c5 {[%clk 01:03:46]} {[%emt 00:16:08]}
11. Ne3 {[%clk 01:11:12]} {[%emt 00:10:25]} h6 {[%clk 01:01:18]} {[%emt
00:02:57]} 12. c4 {[%clk 01:06:30]} {[%emt 00:05:12]} Qd7 {[%clk 00:59:12]}
{[%emt 00:02:35]} 13. h3 {[%clk 00:58:33]} {[%emt 00:08:28]} Ne8 {[%clk
00:54:06]} {[%emt 00:05:35]} 14. g4 {[%clk 00:51:14]} {[%emt 00:07:50]} g6
{[%clk 00:50:17]} {[%emt 00:04:19]} 15. Kh2 {[%clk 00:47:22]} {[%emt 00:04:22]}
Kh7 {[%clk 00:48:30]} {[%emt 00:02:17]} 16. Qd2 {[%clk 00:42:52]} {[%emt
00:05:00]} Rh8 {[%clk 00:44:17]} {[%emt 00:04:42]} 17. Rg1 {[%clk 00:37:17]}
{[%emt 00:06:05]} Bg5 {[%clk 00:39:58]} {[%emt 00:04:48]} 18. Nxg5+ {[%clk
00:33:57]} {[%emt 00:03:50]} hxg5 {[%clk 00:40:19]} {[%emt 00:00:11]} 19. Qe2
{[%clk 00:31:37]} {[%emt 00:02:50]} Kg8 {[%clk 00:33:34]} {[%emt 00:07:13]} 20.
Nd5 {[%clk 00:26:22]} {[%emt 00:05:45]} Bxd5 {[%clk 00:29:35]} {[%emt
00:04:30]} 21. exd5 {[%clk 00:25:36]} {[%emt 00:01:16]} f6 {[%clk 00:30:04]}
{[%emt 00:00:01]} 22. Rg3 {[%clk 00:18:01]} {[%emt 00:08:04]} a5 {[%clk
00:29:05]} {[%emt 00:01:30]} 23. Bd2 {[%clk 00:17:11]} {[%emt 00:01:20]} Nc7
{[%clk 00:26:42]} {[%emt 00:02:53]} 24. Qf3 {[%clk 00:14:28]} {[%emt 00:03:13]}
Kg7 {[%clk 00:26:35]} {[%emt 00:00:37]} 25. b3 {[%clk 00:13:24]} {[%emt
00:01:33]} Ra6 {[%clk 00:24:24]} {[%emt 00:02:41]} 26. Kg2 {[%clk 00:12:00]}
{[%emt 00:01:54]} Na8 {[%clk 00:23:48]} {[%emt 00:01:05]} 27. Qe4 {[%clk
00:11:02]} {[%emt 00:01:27]} Nb6 {[%clk 00:21:44]} {[%emt 00:02:35]} 28. Qe1
{[%clk 00:10:11]} {[%emt 00:01:22]} Rha8 {[%clk 00:10:50]} {[%emt 00:11:24]} 29.
Qe3 {[%clk 00:09:23]} {[%emt 00:01:18]} Rh8 {[%clk 00:08:43]} {[%emt 00:02:36]}
30. Qe1 {[%clk 00:09:30]} {[%emt 00:00:23]} Nc8 {[%clk 00:06:43]} {[%emt
00:02:31]} 31. Qe3 {[%clk 00:07:00]} {[%emt 00:02:59]} Ne7 {[%clk 00:06:33]}
{[%emt 00:00:40]} 32. Bc3 {[%clk 00:06:34]} {[%emt 00:00:56]} Ng8 {[%clk
00:06:34]} {[%emt 00:00:29]} 33. Qd2 {[%clk 00:05:55]} {[%emt 00:01:09]} b6
{[%clk 00:06:52]} {[%emt 00:00:13]} 34. Qe3 {[%clk 00:05:01]} {[%emt 00:01:24]}
Nh6 {[%clk 00:07:08]} {[%emt 00:00:15]} 35. Rg1 {[%clk 00:04:31]} {[%emt
00:00:59]} Nf7 {[%clk 00:07:22]} {[%emt 00:00:16]} 36. Kf1 {[%clk 00:04:28]}
{[%emt 00:00:33]} Raa8 {[%clk 00:07:29]} {[%emt 00:00:23]} 37. Bb2 {[%clk
00:03:09]} {[%emt 00:01:49]} Rh4 {[%clk 00:07:34]} {[%emt 00:00:26]} 38. R1g2
{[%clk 00:01:51]} {[%emt 00:01:47]} Rah8 {[%clk 00:07:49]} {[%emt 00:00:15]} 39.
Rg1 {[%clk 00:01:36]} {[%emt 00:00:45]} Kf8 {[%clk 00:06:56]} {[%emt 00:01:24]}
40. Bc1 {[%clk 00:01:08]} {[%emt 00:00:57]} f5 {[%clk 00:05:19]} {[%emt
00:02:07]} 41. gxf5 {[%clk 00:01:36]} {[%emt 00:00:02]} gxf5 {[%clk 00:05:38]}
{[%emt 00:00:11]} 42. Rxg5 {[%clk 00:00:56]} {[%emt 00:01:10]} f4 {[%clk
00:05:19]} {[%emt 00:00:49]} 43. Qe4 {[%clk 00:01:16]} {[%emt 00:00:10]} Qxh3+
{[%clk 00:05:17]} {[%emt 00:00:33]} 44. Ke2 {[%clk 00:01:30]} {[%emt 00:00:16]}
Nxg5 {[%clk 00:04:04]} {[%emt 00:01:42]} 45. Rxg5 {[%clk 00:01:58]} {[%emt
00:00:02]} f3+ {[%clk 00:03:42]} {[%emt 00:00:53]} 46. Qxf3+ {[%clk 00:02:19]}
{[%emt 00:00:09]} Qxf3+ {[%clk 00:04:11]} {[%emt 00:00:01]} 47. Kxf3 {[%clk
00:02:47]} {[%emt 00:00:01]} Rh1 {[%clk 00:03:36]} {[%emt 00:01:05]} 48. Be3
{[%clk 00:01:27]} {[%emt 00:01:51]} Rb1 {[%clk 00:04:05]} {[%emt 00:00:01]} 49.
Rg6 {[%clk 00:01:46]} {[%emt 00:00:10]} Ke7 {[%clk 00:04:19]} {[%emt 00:00:16]}
50. Bg5+ {[%clk 00:01:47]} {[%emt 00:00:30]} Kd7 {[%clk 00:04:17]} {[%emt
00:00:31]} 51. Rg7+ {[%clk 00:02:07]} {[%emt 00:00:10]} Kc8 {[%clk 00:03:22]}
{[%emt 00:01:25]} 52. Be7 {[%clk 00:02:03]} {[%emt 00:00:35]} Rh6 {[%clk
00:03:31]} {[%emt 00:00:20]} 53. Bg5 {[%clk 00:01:53]} {[%emt 00:00:40]} Rh3+
{[%clk 00:01:23]} {[%emt 00:02:39]} 54. Ke4 {[%clk 00:01:25]} {[%emt 00:00:58]}
Rg1 {[%clk 00:01:33]} {[%emt 00:00:19]} 55. Kf5 {[%clk 00:01:24]} {[%emt
00:00:31]} Rf3+ {[%clk 00:01:33]} {[%emt 00:00:30]} 56. Ke6 {[%clk 00:01:28]}
{[%emt 00:00:26]} Rxf2 {[%clk 00:01:39]} {[%emt 00:00:24]} 57. Kxd6 {[%clk
00:01:00]} {[%emt 00:00:59]} Rfg2 {[%clk 00:01:21]} {[%emt 00:00:48]} 58. Rc7+
{[%clk 00:00:56]} {[%emt 00:00:33]} Kb8 {[%clk 00:01:51]} {[%emt 00:00:01]} 59.
Bd8 {[%clk 00:00:47]} {[%emt 00:00:39]} Rg8 {[%clk 00:00:58]} {[%emt 00:01:23]}
60. Kc6 {[%clk 00:00:32]} {[%emt 00:00:45]} R1g6+ {[%clk 00:00:57]} {[%emt
00:00:31]} 61. d6 {[%clk 00:00:42]} {[%emt 00:00:20]} Rxd8 {[%clk 00:01:10]}
{[%emt 00:00:17]} 62. Rd7 {[%clk 00:00:49]} {[%emt 00:00:23]} Rxd7 {[%clk
00:01:01]} {[%emt 00:00:39]} 63. Kxd7 {[%clk 00:01:18]} {[%emt 00:00:01]} Kb7
{[%clk 00:00:59]} {[%emt 00:00:31]} 64. Ke8 {[%clk 00:01:19]} {[%emt 00:00:29]}
Rxd6 {[%clk 00:01:22]} {[%emt 00:00:07]} 0-1

[Event "25th 4NCL Congress"]
[Site "Leamington Spa, United Kingdom"]
[Date "2021.07.10"]
[Round "2.9"]
[White "Goater, Kevin P"]
[Black "Willow, Jonah B"]
[Result "0-1"]
[TimeControl "All moves in 90 minutes + 30 seconds per move"]
[WhiteElo "2083"]
[BlackElo "2386"]

1. d4 {[%clk 01:26:24]} {[%emt 00:04:35]} Nf6 {[%clk 01:30:52]} {[%emt
00:00:08]} 2. Nc3 {[%clk 01:26:36]} {[%emt 00:00:19]} d5 {[%clk 01:31:16]}
{[%emt 00:00:07]} 3. Bf4 {[%clk 01:27:01]} {[%emt 00:00:06]} c5 {[%clk
01:31:41]} {[%emt 00:00:04]} 4. e3 {[%clk 01:27:26]} {[%emt 00:00:04]} cxd4
{[%clk 01:32:08]} {[%emt 00:00:04]} 5. exd4 {[%clk 01:27:52]} {[%emt 00:00:04]}
Bg4 {[%clk 01:32:32]} {[%emt 00:00:06]} 6. f3 {[%clk 01:26:54]} {[%emt
00:01:27]} Bd7 {[%clk 01:32:51]} {[%emt 00:00:11]} 7. Qd2 {[%clk 01:25:58]}
{[%emt 00:01:26]} e6 {[%clk 01:27:10]} {[%emt 00:06:12]} 8. Nb5 {[%clk
01:21:30]} {[%emt 00:04:59]} Bxb5 {[%clk 01:27:32]} {[%emt 00:00:07]} 9. Bxb5+
{[%clk 01:21:53]} {[%emt 00:00:07]} Nc6 {[%clk 01:27:59]} {[%emt 00:00:03]} 10.
Ne2 {[%clk 01:21:17]} {[%emt 00:01:05]} Bd6 {[%clk 01:28:04]} {[%emt 00:00:25]}
11. Bxd6 {[%clk 01:17:57]} {[%emt 00:03:51]} Qxd6 {[%clk 01:28:24]} {[%emt
00:00:09]} 12. O-O {[%clk 01:18:03]} {[%emt 00:00:24]} O-O {[%clk 01:28:38]}
{[%emt 00:00:16]} 13. c3 {[%clk 01:17:25]} {[%emt 00:01:08]} a6 {[%clk
01:27:32]} {[%emt 00:01:36]} 14. Bd3 {[%clk 01:15:26]} {[%emt 00:02:29]} b5
{[%clk 01:27:57]} {[%emt 00:00:06]} 15. Ng3 {[%clk 01:13:47]} {[%emt 00:02:09]}
Rfc8 {[%clk 01:21:37]} {[%emt 00:06:50]} 16. Rac1 {[%clk 01:05:43]} {[%emt
00:08:33]} b4 {[%clk 01:19:26]} {[%emt 00:02:42]} 17. Bb1 {[%clk 01:00:37]}
{[%emt 00:05:35]} Rab8 {[%clk 00:55:22]} {[%emt 00:24:34]} 18. Qd3 {[%clk
00:54:32]} {[%emt 00:06:34]} bxc3 {[%clk 00:55:04]} {[%emt 00:00:49]} 19. bxc3
{[%clk 00:46:49]} {[%emt 00:08:13]} Ne7 {[%clk 00:54:27]} {[%emt 00:01:07]} 20.
Nh5 {[%clk 00:41:46]} {[%emt 00:05:32]} Ng6 {[%clk 00:53:57]} {[%emt 00:01:00]}
21. Nxf6+ {[%clk 00:41:50]} {[%emt 00:00:27]} gxf6 {[%clk 00:54:22]} {[%emt
00:00:04]} 22. f4 {[%clk 00:37:47]} {[%emt 00:04:32]} f5 {[%clk 00:53:33]}
{[%emt 00:01:20]} 23. Qf3 {[%clk 00:34:04]} {[%emt 00:04:13]} Rb2 {[%clk
00:52:27]} {[%emt 00:01:37]} 24. g3 {[%clk 00:29:38]} {[%emt 00:04:55]} Rcb8
{[%clk 00:49:38]} {[%emt 00:03:19]} 25. h4 {[%clk 00:27:19]} {[%emt 00:02:49]}
Kh8 {[%clk 00:47:10]} {[%emt 00:02:59]} 26. h5 {[%clk 00:24:32]} {[%emt
00:03:17]} Ne7 {[%clk 00:46:56]} {[%emt 00:00:44]} 27. Qe3 {[%clk 00:17:29]}
{[%emt 00:07:32]} Nc6 {[%clk 00:44:15]} {[%emt 00:03:13]} 28. Rfd1 {[%clk
00:08:19]} {[%emt 00:09:40]} Na5 {[%clk 00:40:33]} {[%emt 00:04:12]} 29. Bd3
{[%clk 00:06:18]} {[%emt 00:02:31]} Rxa2 {[%clk 00:38:30]} {[%emt 00:02:34]} 30.
Ra1 {[%clk 00:04:44]} {[%emt 00:02:03]} Rbb2 {[%clk 00:31:11]} {[%emt
00:07:49]} 31. Rxa2 {[%clk 00:04:13]} {[%emt 00:01:02]} Rxa2 {[%clk 00:31:40]}
{[%emt 00:00:02]} 32. h6 {[%clk 00:03:33]} {[%emt 00:01:09]} Nc6 {[%clk
00:19:14]} {[%emt 00:12:56]} 33. Bxf5 {[%clk 00:02:22]} {[%emt 00:01:41]} Qb8
{[%clk 00:17:56]} {[%emt 00:01:48]} 34. Rb1 {[%clk 00:01:26]} {[%emt 00:01:26]}
Qf8 {[%clk 00:18:19]} {[%emt 00:00:07]} 35. Bh3 {[%clk 00:01:26]} {[%emt
00:00:29]} Qxh6 {[%clk 00:18:09]} {[%emt 00:00:41]} 36. Bg2 {[%clk 00:01:16]}
{[%emt 00:00:40]} Qg6 {[%clk 00:17:51]} {[%emt 00:00:49]} 37. Rb6 {[%clk
00:00:55]} {[%emt 00:00:50]} Qc2 {[%clk 00:16:01]} {[%emt 00:02:20]} 38. Qf3
{[%clk 00:01:14]} {[%emt 00:00:12]} Ne7 {[%clk 00:16:13]} {[%emt 00:00:18]} 39.
Rb7 {[%clk 00:01:04]} {[%emt 00:00:40]} Ng8 {[%clk 00:12:41]} {[%emt 00:04:02]}
40. Rxf7 {[%clk 00:01:15]} {[%emt 00:00:19]} Ra1+ {[%clk 00:11:50]} {[%emt
00:01:21]} 41. Kh2 {[%clk 00:01:02]} {[%emt 00:00:43]} Qg6 {[%clk 00:12:13]}
{[%emt 00:00:08]} 42. Rb7 {[%clk 00:00:46]} {[%emt 00:00:46]} Qh6+ {[%clk
00:12:38]} {[%emt 00:00:05]} 43. Bh3 {[%clk 00:01:01]} {[%emt 00:00:15]} Ra2+
{[%clk 00:13:05]} {[%emt 00:00:03]} 44. Kg1 {[%clk 00:01:01]} {[%emt 00:00:30]}
Qxh3 {[%clk 00:13:31]} {[%emt 00:00:04]} 45. Rb1 {[%clk 00:01:05]} {[%emt
00:00:25]} Qf5 {[%clk 00:12:55]} {[%emt 00:01:06]} 46. Re1 {[%clk 00:00:31]}
{[%emt 00:01:04]} Nf6 {[%clk 00:13:04]} {[%emt 00:00:21]} 0-1

[Event "25th 4NCL Congress"]
[Site "Leamington Spa, United Kingdom"]
[Date "2021.07.10"]
[Round "2.10"]
[White "Merriman, John"]
[Black "Handley, Michael R"]
[Result "1-0"]
[TimeControl "All moves in 90 minutes + 30 seconds per move"]
[WhiteElo "2246"]
[BlackElo "1979"]

1. d4 {[%clk 01:30:57]} {[%emt 00:00:03]} Nf6 {[%clk 01:30:53]} {[%emt
00:00:07]} 2. c4 {[%clk 01:31:13]} {[%emt 00:00:14]} g6 {[%clk 01:31:18]}
{[%emt 00:00:04]} 3. f3 {[%clk 01:24:55]} {[%emt 00:06:48]} c5 {[%clk
01:31:39]} {[%emt 00:00:10]} 4. d5 {[%clk 01:24:50]} {[%emt 00:00:35]} Bg7
{[%clk 01:31:41]} {[%emt 00:00:27]} 5. Nc3 {[%clk 01:24:25]} {[%emt 00:00:55]}
d6 {[%clk 01:31:32]} {[%emt 00:00:39]} 6. e4 {[%clk 01:24:19]} {[%emt
00:00:35]} O-O {[%clk 01:31:01]} {[%emt 00:01:02]} 7. Bg5 {[%clk 01:24:33]}
{[%emt 00:00:17]} a6 {[%clk 01:30:14]} {[%emt 00:01:17]} 8. Qd2 {[%clk
01:22:09]} {[%emt 00:02:52]} e6 {[%clk 01:30:22]} {[%emt 00:00:22]} 9. a4
{[%clk 01:20:42]} {[%emt 00:01:58]} exd5 {[%clk 01:28:59]} {[%emt 00:01:53]} 10.
cxd5 {[%clk 01:21:02]} {[%emt 00:00:10]} Qa5 {[%clk 01:22:16]} {[%emt
00:07:13]} 11. Ra3 {[%clk 01:18:27]} {[%emt 00:03:05]} Re8 {[%clk 01:21:08]}
{[%emt 00:01:38]} 12. Nge2 {[%clk 01:15:28]} {[%emt 00:03:29]} Nbd7 {[%clk
01:21:05]} {[%emt 00:00:33]} 13. Nc1 {[%clk 01:14:42]} {[%emt 00:01:15]} Ne5
{[%clk 01:09:01]} {[%emt 00:12:33]} 14. Be2 {[%clk 01:14:12]} {[%emt 00:01:00]}
Rb8 {[%clk 01:04:12]} {[%emt 00:05:21]} 15. O-O {[%clk 01:10:58]} {[%emt
00:03:44]} c4 {[%clk 00:56:07]} {[%emt 00:08:35]} 16. Kh1 {[%clk 01:07:46]}
{[%emt 00:03:42]} Qc7 {[%clk 00:54:29]} {[%emt 00:02:09]} 17. Be3 {[%clk
00:51:13]} {[%emt 00:17:02]} b6 {[%clk 00:47:26]} {[%emt 00:07:33]} 18. h3
{[%clk 00:46:36]} {[%emt 00:05:06]} Ned7 {[%clk 00:40:04]} {[%emt 00:07:53]} 19.
g4 {[%clk 00:35:57]} {[%emt 00:11:09]} Nc5 {[%clk 00:37:28]} {[%emt 00:03:06]}
20. b4 {[%clk 00:32:42]} {[%emt 00:03:45]} cxb3 {[%clk 00:31:37]} {[%emt
00:06:22]} 21. Nxb3 {[%clk 00:32:50]} {[%emt 00:00:23]} Nxb3 {[%clk 00:31:57]}
{[%emt 00:00:10]} 22. Rxb3 {[%clk 00:33:12]} {[%emt 00:00:07]} Nd7 {[%clk
00:32:20]} {[%emt 00:00:06]} 23. Rc1 {[%clk 00:30:45]} {[%emt 00:02:57]} Nc5
{[%clk 00:31:17]} {[%emt 00:01:33]} 24. Ra3 {[%clk 00:30:44]} {[%emt 00:00:31]}
Qe7 {[%clk 00:20:09]} {[%emt 00:11:39]} 25. Bg5 {[%clk 00:12:37]} {[%emt
00:18:37]} Bf6 {[%clk 00:19:30]} {[%emt 00:01:09]} 26. Bf4 {[%clk 00:12:04]}
{[%emt 00:01:03]} Be5 {[%clk 00:13:25]} {[%emt 00:06:34]} 27. Kg2 {[%clk
00:08:41]} {[%emt 00:03:53]} Bd7 {[%clk 00:04:48]} {[%emt 00:09:08]} 28. Bg5
{[%clk 00:08:18]} {[%emt 00:00:53]} Bf6 {[%clk 00:05:04]} {[%emt 00:00:14]} 29.
Bxf6 {[%clk 00:08:01]} {[%emt 00:00:47]} Qxf6 {[%clk 00:05:28]} {[%emt
00:00:07]} 30. Rb1 {[%clk 00:08:14]} {[%emt 00:00:16]} Qe5 {[%clk 00:04:03]}
{[%emt 00:01:55]} 31. Rb4 {[%clk 00:07:55]} {[%emt 00:00:49]} f5 {[%clk
00:02:37]} {[%emt 00:01:56]} 32. f4 {[%clk 00:02:32]} {[%emt 00:05:53]} Qf6
{[%clk 00:02:45]} {[%emt 00:00:22]} 33. g5 {[%clk 00:02:06]} {[%emt 00:00:56]}
Qe7 {[%clk 00:03:09]} {[%emt 00:00:06]} 34. Bf3 {[%clk 00:01:53]} {[%emt
00:00:43]} fxe4 {[%clk 00:02:58]} {[%emt 00:00:41]} 35. Nxe4 {[%clk 00:01:53]}
{[%emt 00:00:29]} Nxe4 {[%clk 00:03:23]} {[%emt 00:00:05]} 36. Rxe4 {[%clk
00:02:10]} {[%emt 00:00:13]} Qf7 {[%clk 00:03:36]} {[%emt 00:00:18]} 37. Rb4
{[%clk 00:02:14]} {[%emt 00:00:26]} b5 {[%clk 00:03:32]} {[%emt 00:00:34]} 38.
axb5 {[%clk 00:01:55]} {[%emt 00:00:49]} Bxb5 {[%clk 00:03:56]} {[%emt
00:00:06]} 39. Bg4 {[%clk 00:01:53]} {[%emt 00:00:31]} Qg7 {[%clk 00:04:09]}
{[%emt 00:00:17]} 40. Be6+ {[%clk 00:01:39]} {[%emt 00:00:44]} Kh8 {[%clk
00:04:38]} 41. Kg3 {[%clk 00:00:37]} {[%emt 00:01:32]} Rb7 {[%clk 00:04:53]}
{[%emt 00:00:16]} 42. Rc3 {[%clk 00:00:42]} {[%emt 00:00:25]} Rc7 {[%clk
00:03:54]} {[%emt 00:01:29]} 43. Rxc7 {[%clk 00:00:44]} {[%emt 00:00:27]} Qxc7
{[%clk 00:04:23]} 44. Rb1 {[%clk 00:00:54]} {[%emt 00:00:20]} Qg7 {[%clk
00:04:21]} {[%emt 00:00:32]} 45. Rc1 {[%clk 00:01:15]} {[%emt 00:00:09]} Rf8
{[%clk 00:02:46]} {[%emt 00:02:05]} 46. h4 {[%clk 00:01:24]} {[%emt 00:00:21]}
Rb8 {[%clk 00:01:12]} {[%emt 00:02:04]} 47. Qb4 {[%clk 00:01:13]} {[%emt
00:00:40]} Qe7 {[%clk 00:01:12]} {[%emt 00:00:30]} 48. Rh1 {[%clk 00:00:34]}
{[%emt 00:01:09]} Rb7 {[%clk 00:00:47]} {[%emt 00:00:55]} 49. Qc3+ {[%clk
00:00:41]} {[%emt 00:00:22]} 1-0

[Event "25th 4NCL Congress"]
[Site "Leamington Spa, United Kingdom"]
[Date "2021.07.10"]
[Round "2.11"]
[White "Finn, Peter"]
[Black "Verma, Aditya"]
[Result "1/2-1/2"]
[TimeControl "All moves in 90 minutes + 30 seconds per move"]
[WhiteElo "1959"]
[BlackElo "2169"]

1. e4 {[%clk 01:30:58]} c5 {[%clk 01:30:53]} {[%emt 00:00:07]} 2. Nf3 {[%clk
01:31:23]} {[%emt 00:00:06]} d6 {[%clk 01:31:20]} {[%emt 00:00:04]} 3. d4
{[%clk 01:31:45]} {[%emt 00:00:08]} cxd4 {[%clk 01:31:47]} {[%emt 00:00:04]} 4.
Nxd4 {[%clk 01:31:58]} {[%emt 00:00:16]} Nf6 {[%clk 01:32:13]} {[%emt
00:00:04]} 5. f3 {[%clk 01:32:23]} {[%emt 00:00:05]} g6 {[%clk 01:32:02]}
{[%emt 00:00:40]} 6. c4 {[%clk 01:32:49]} {[%emt 00:00:05]} Bg7 {[%clk
01:31:45]} {[%emt 00:00:46]} 7. Nc3 {[%clk 01:33:13]} {[%emt 00:00:06]} Nc6
{[%clk 01:31:25]} {[%emt 00:00:50]} 8. Be3 {[%clk 01:32:46]} {[%emt 00:00:57]}
O-O {[%clk 01:31:13]} {[%emt 00:00:42]} 9. Be2 {[%clk 01:32:47]} {[%emt
00:00:29]} Bd7 {[%clk 01:23:53]} {[%emt 00:07:50]} 10. O-O {[%clk 01:32:49]}
{[%emt 00:00:28]} a6 {[%clk 01:14:57]} {[%emt 00:09:26]} 11. Qd2 {[%clk
01:31:03]} {[%emt 00:02:16]} Nxd4 {[%clk 01:08:40]} {[%emt 00:06:48]} 12. Bxd4
{[%clk 01:31:23]} {[%emt 00:00:10]} Qa5 {[%clk 01:06:37]} {[%emt 00:02:32]} 13.
Rab1 {[%clk 01:28:32]} {[%emt 00:03:22]} Nh5 {[%clk 00:46:10]} {[%emt
00:20:56]} 14. b4 {[%clk 01:23:20]} {[%emt 00:05:43]} Bxd4+ {[%clk 00:45:31]}
{[%emt 00:01:10]} 15. Qxd4 {[%clk 01:23:44]} {[%emt 00:00:05]} Qg5 {[%clk
00:45:15]} {[%emt 00:00:44]} 16. Nd5 {[%clk 01:21:09]} {[%emt 00:03:06]} Nf4
{[%clk 00:36:27]} {[%emt 00:09:17]} 17. Nxf4 {[%clk 01:21:06]} {[%emt
00:00:34]} Qxf4 {[%clk 00:36:55]} {[%emt 00:00:03]} 18. g3 {[%clk 01:19:40]}
{[%emt 00:01:56]} Qh6 {[%clk 00:37:19]} {[%emt 00:00:05]} 19. Rfd1 {[%clk
01:05:51]} {[%emt 00:14:20]} Rfc8 {[%clk 00:30:43]} {[%emt 00:07:06]} 20. f4
{[%clk 00:57:47]} {[%emt 00:08:34]} Qg7 {[%clk 00:23:40]} {[%emt 00:07:33]} 21.
Qxg7+ {[%clk 00:40:17]} {[%emt 00:18:01]} Kxg7 {[%clk 00:24:07]} {[%emt
00:00:03]} 22. c5 {[%clk 00:38:44]} {[%emt 00:02:04]} Ba4 {[%clk 00:22:30]}
{[%emt 00:02:06]} 23. Rd4 {[%clk 00:36:53]} {[%emt 00:02:21]} dxc5 {[%clk
00:19:05]} {[%emt 00:03:55]} 24. bxc5 {[%clk 00:36:37]} {[%emt 00:00:47]} Bc6
{[%clk 00:18:43]} {[%emt 00:00:52]} 25. Kf2 {[%clk 00:35:24]} {[%emt 00:01:42]}
e5 {[%clk 00:15:42]} {[%emt 00:03:30]} 1/2-1/2